| 000 | 00402nam a2200169Ia 4500 | ||
|---|---|---|---|
| 008 | 210210b1951 xxu||||| |||| 00| 0 eng d | ||
| 041 | _aeng | ||
| 082 | _a821/329 | ||
| 100 | _aKEATS (John) | ||
| 245 | _aPoem: Selincourt Ed | ||
| 260 |
_aLondon _bMethuen and Company Limited _c1951 |
||
| 650 | _aSelincourt | ||
| 650 | _aPoem: | ||
| 650 | _aEd | ||
| 690 | _aEnglish Literature | ||
| 906 | _a011498 | ||
| 999 |
_c130175 _d130175 |
||